Introduction to photovoltaic system design / (Record no. 19944)
[ view plain ]
| 000 -LEADER | |
|---|---|
| fixed length control field | 01020cam a22003015a 4500 |
| 001 - CONTROL NUMBER | |
| control field | 17158861 |
| 005 - DATE AND TIME OF LATEST TRANSACTION | |
| control field | 20150929131648.0 |
| 008 - FIXED-LENGTH DATA ELEMENTS--GENERAL INFORMATION | |
| fixed length control field | 120210t2013 maua frbd 001 0 eng d |
| 020 ## - INTERNATIONAL STANDARD BOOK NUMBER | |
| International Standard Book Number | 9781449624675 (pbk.) |
| 020 ## - INTERNATIONAL STANDARD BOOK NUMBER | |
| International Standard Book Number | 1449624677 (pbk.) |
| 040 ## - CATALOGING SOURCE | |
| Original cataloging agency | DLC |
| Language of cataloging | eng |
| Transcribing agency | DLC |
| Modifying agency | DLC |
| -- | EG-ScBUE |
| 082 04 - DEWEY DECIMAL CLASSIFICATION NUMBER | |
| Classification number | 621.31244 |
| Item number | BAL |
| Edition number | 22 |
| 100 1# - MAIN ENTRY--PERSONAL NAME | |
| Personal name | Balfour, John |
| Fuller form of name | (John R.) |
| 9 (RLIN) | 38429 |
| 245 10 - TITLE STATEMENT | |
| Title | Introduction to photovoltaic system design / |
| Statement of responsibility, etc | John Balfour, Michael Shaw, Nicole Bremer Nash. |
| 246 30 - VARYING FORM OF TITLE | |
| Title proper/short title | Photovoltaic system design |
| 260 ## - PUBLICATION, DISTRIBUTION, ETC. (IMPRINT) | |
| Place of publication, distribution, etc | Burlington : |
| Name of publisher, distributor, etc | Jones & Bartlett Learning, |
| Date of publication, distribution, etc | c.2013. |
| 300 ## - PHYSICAL DESCRIPTION | |
| Extent | xi, 236 p. : |
| Other physical details | ill. ; |
| Dimensions | 23 cm. |
| 490 0# - SERIES STATEMENT | |
| Series statement | The art and science of photovoltaics |
| 500 ## - GENERAL NOTE | |
| General note | Glossary : p. 221-222. |
| 500 ## - GENERAL NOTE | |
| General note | Index : p. 225-236. |
| 504 ## - BIBLIOGRAPHY, ETC. NOTE | |
| Bibliography, etc | Bibliography : p. 223. |
| 650 #0 - SUBJECT ADDED ENTRY--TOPICAL TERM | |
| Topical term or geographic name as entry element | Photovoltaic power systems. |
| Source of heading or term | BUEsh |
| 9 (RLIN) | 32972 |
| 651 ## - SUBJECT ADDED ENTRY--GEOGRAPHIC NAME | |
| Source of heading or term | BUEsh |
| 653 ## - INDEX TERM--UNCONTROLLED | |
| Resource For college | Engineering, General |
| Arrived date list | June2015 |
| -- | September2015 |
| 700 1# - ADDED ENTRY--PERSONAL NAME | |
| Personal name | Shaw, Michael. |
| 700 1# - ADDED ENTRY--PERSONAL NAME | |
| Personal name | Nash, Nicole Bremer. |
| 942 ## - ADDED ENTRY ELEMENTS (KOHA) | |
| Source of classification or shelving scheme | Dewey Decimal Classification |
| Call number prefix | 621.31244 BAL |
| Withdrawn status | Lost status | Source of classification or shelving scheme | Damaged status | Not for loan | Koha collection | Home library | Current library | Shelving location | Date acquired | Source of acquisition | Cost, normal purchase price | Serial Enumeration / chronology | Total Checkouts | Full call number | Barcode | Date last seen | Cost, replacement price | Koha item type |
|---|---|---|---|---|---|---|---|---|---|---|---|---|---|---|---|---|---|---|
| Dewey Decimal Classification | Alahram | Central Library | Central Library | First floor | 25/06/2015 | Purchase | 379.00 | 299 | 621.31244 BAL | 000039086 | 15/07/2025 | 473.75 | Book - Borrowing |